000 01041nam a22002417a 4500
003 OSt
005 20250916093707.0
008 240228b ||||| |||| 00| 0 eng d
040 _c0
082 _aDPer 621.317 Ie21 June 2022 v. 37 n. 6
100 _aShi, Yangyang.
_eauthor.
_953593
245 _aSpeed fluctuation suppression by model-based feed-forward control in gimbal system with harmonic drive /
_cYangyang Shi, Yuanjin Yu, Haitao Li, Bangcheng Han, Ximing Liu, and Xi Chen.
260 _aNew York ;
_bThe Institute of Electrical and Electronics Engineers, Inc. ,
_cJune 2022.
300 _aVolume 37, pages 6678-6687 :
_billustration ;
_c29 cm.
500 _aIEEE Transactions on Power Electronics, vol. 37, no. 6, pages 6678-6687, June 2022.
700 _aShi, Yangyang.
_eauthor.
_953593
700 _aYu, Yuanjin.
_eauthor.
_953594
700 _aLi, Haitao.
_eauthor.
_953595
700 _aHan, Bangcheng.
_eauthor.
_953596
700 _aLiu, Ximing.
_eauthor.
_953597
700 _aChen, Xi.
_eauthor.
_953598
942 _2ddc
_cPER
999 _c19418
_d19418